| 000 | 00608nam a22002057a 4500 | ||
|---|---|---|---|
| 005 | 20140424152912.0 | ||
| 010 | _aENG-109580 | ||
| 020 |
_a9788120349377 _c350.00 |
||
| 035 | _aEN-93113 | ||
| 037 | _bDBAD/PUB | ||
| 082 | _a691 | ||
| 100 | _aGhosh, Karuna Moy | ||
| 245 |
_aAnalysis and design practice of steel structures / _cby Karuna Moy Ghosh |
||
| 250 | _a2nd ed | ||
| 260 |
_aDelhi _bPHI Learning _c2014 |
||
| 270 |
_aRimjhim House, 111, Patparganj Industrial Estate _bDelhi _e110092 |
||
| 300 |
_axx,327p. _c24cm(pbk) |
||
| 500 | _aIncludes index | ||
| 942 |
_2ddc _cEN _mGHO _h691 |
||
| 999 |
_c83083 _d83083 |
||